slow type quiz - Statistics

General Stats
  • This quiz has been taken 30 times
  • The average score is 10 of 10
Answer Stats
Hint Answer % Correct
1 1
100%
2 2
100%
3 3
100%
4 4
100%
5 5
100%
10 10
95%
6 6
95%
7 7
95%
8 8
95%
9 9
90%
No matching quizzes found
Score Distribution
Percent of People with Each Score
Percentile by Number Answered
Your Score History
You have not taken this quiz